000 00478nab a22001457 4500
003 ES-SlBCS
005 20210327224213.0
008 171121s2017 sp ||||| |||| 00| 0 spa d
040 _aES-SlBCS
_bspa
041 _aspa
100 1 _aMeléndez Guerrero, Luis Gustavo
_9111973
245 1 0 _aGramáticas de la carne: eros, poesía y cuerpo en relación
_cLuis Gustavo Meléndez Guerrero
773 0 _gNúm. 373, 2017, págs. 71-82
_tConcilium
_wRev134
_x0210-1041
942 _2lcc
_cAR
999 _c474317
_d474317